Mistrzostwa świata w piłce ręcznej 1961 - Statystyki

Ogólne statystyki
  • Ten quiz został rozwiązany 5 razy
  • Średni wynik to 9 z 12
Statystyki odpowiedzi
Grupa Państwo % Poprawnych
Grupa D Dania
100%
Grupa A Norwegia
100%
Grupa A Szwecja
100%
Grupa C Czechosłowacja
80%
Grupa B Francja
80%
Grupa D Islandia
80%
Grupa A Jugosławia
80%
Grupa B Niemcy
80%
Grupa C Rumunia
80%
Grupa D Szwajcaria
80%
Grupa C Japonia
60%
Grupa B Holandia
20%
Nie znaleziono quizów pasujących do podanych kryteriów
Rozkład punktacji
Procent ludzi z każdym wynikiem
Percentyl według liczby udzielonych odpowiedzi
Twoja historia wyników
Nie rozwiązałeś tego quizu